000 00496nam a2200157 4500
001 116158
003 ES-MaACL
005 20230906190640.0
007 t|
008 061121s1962 sp r ||||1| spa d
100 0 _aParís Eguilaz, Higinio.
_989148
245 1 3 _aEl futuro de España y las comunidades supranacionales /
_cHiginio Paris Eguilaz.
260 _aMadrid :
_b[s.n.],
_c1962 (
_fImp. Suc. de J. Sábchez Ocaña)
300 _a220 p. ;
_c25 cm.
852 _aES-MaACL
_jC-22134
_bR.50836
999 _c116158
_d116158